L'offrande lyrique (Gitanjali) / (Record no. 128584)

MARC details
000 -LEADER
campo de control de longitud fija 00620nam a2200205 i 4500
001 - NÚMERO DE CONTROL
campo de control 128584
003 - IDENTIFICADOR DE NÚMERO DE CONTROL
campo de control ES-MaACL
005 - FECHA Y HORA DE LA ÚLTIMA TRANSACCIÓN
campo de control 20250719063315.0
007 - CAMPO FIJO DE DESCRIPCIÓN FÍSICA--INFORMACIÓN GENERAL
campo de control de longitud fija t|
008 - DATOS DE LONGITUD FIJA--INFORMACIÓN GENERAL
campo de control de longitud fija 070521s1914 be ||||1| fre d
080 ## - NÚMERO DE LA CLASIFICACIÓN DECIMAL UNIVERSAL
Número de la Clasificación Decimal Universal 891.44-14"19"
100 1# - ENTRADA PRINCIPAL--NOMBRE DE PERSONA
Nombre de persona Tagore, Rabindranath,
Fechas asociadas al nombre 1861-1941
9 (RLIN) 109071
245 12 - MENCIÓN DEL TÍTULO
Título L'offrande lyrique (Gitanjali) /
Mención de responsabilidad, etc. Rabindranath Tagore ; traduction d'André Gide.
250 ## - MENCION DE EDICION
Mención de edición 4ª ed.
260 ## - PUBLICACIÓN, DISTRIBUCIÓN, ETC.
Lugar de publicación, distribución, etc. [Bruges :
Nombre del editor, distribuidor, etc. Ste. Catherine],
Fecha de publicación, distribución, etc. 1914.
300 ## - DESCRIPCIÓN FÍSICA
Extensión XXXIV, 148 p. ;
Dimensiones 19 cm.
700 1# - ENTRADA AGREGADA--NOMBRE PERSONAL
Nombre de persona Gide, André,
Fechas asociadas al nombre 1869-1951
9 (RLIN) 56674
852 ## - LOCALIZACIÓN
Ubicación ES-MaACL
Número de control de estantería F-8165
Holdings
Estatus retirado Estado de pérdida Estado de daño No para préstamo Biblioteca de origen Biblioteca actual Ubicación en estantería Fecha de adquisición Fuente de adquisición Total de préstamos Signatura topográfica completa Código de barras Visto por última vez Precio de reemplazo Tipo de ítem Koha
        Biblioteca del Ateneo de Madrid Biblioteca del Ateneo de Madrid Sala Pecera Planta 2 17/01/2008     F-8165 1133916 23/02/2023 23/02/2023 Libro impreso